Comentarios, divulgación y crítica de la Ley de arrendamientos urbanos / (Record no. 80421)

MARC details
000 -LEADER
campo de control de longitud fija 00589nam a2200169 i 4500
001 - NÚMERO DE CONTROL
campo de control 80421
003 - IDENTIFICADOR DE NÚMERO DE CONTROL
campo de control ES-MaACL
005 - FECHA Y HORA DE LA ÚLTIMA TRANSACCIÓN
campo de control 20230906174218.0
007 - CAMPO FIJO DE DESCRIPCIÓN FÍSICA--INFORMACIÓN GENERAL
campo de control de longitud fija t|
008 - DATOS DE LONGITUD FIJA--INFORMACIÓN GENERAL
campo de control de longitud fija 041028s1947 sp ||||1| spa d
100 1# - ENTRADA PRINCIPAL--NOMBRE DE PERSONA
Nombre de persona Hijas Palacios, José.
9 (RLIN) 63663
245 10 - MENCIÓN DEL TÍTULO
Título Comentarios, divulgación y crítica de la Ley de arrendamientos urbanos /
Mención de responsabilidad, etc. José Hijas Palacios ; presentado por Ramón García del Valles Salas.
260 ## - PUBLICACIÓN, DISTRIBUCIÓN, ETC.
Lugar de publicación, distribución, etc. Madrid :
Nombre del editor, distribuidor, etc. [s.n.,
Fecha de publicación, distribución, etc. 1947] (
Fabricante Voluntas)
300 ## - DESCRIPCIÓN FÍSICA
Extensión 582 p. ;
Dimensiones 22 cm.
700 1# - ENTRADA AGREGADA--NOMBRE PERSONAL
Nombre de persona García del Valle Salas, Ramón.
9 (RLIN) 54526
852 ## - LOCALIZACIÓN
Ubicación ES-MaACL
Número de control de estantería C-4806
Sublocalización o colección R.25341
Holdings
Estatus retirado Estado de pérdida Estado de daño No para préstamo Biblioteca de origen Biblioteca actual Ubicación en estantería Fecha de adquisición Fuente de adquisición Total de préstamos Signatura topográfica completa Código de barras Visto por última vez Precio de reemplazo Tipo de ítem Koha
        Biblioteca del Ateneo de Madrid Biblioteca del Ateneo de Madrid Sala Palomar 17/01/2008     C-4806 1084082 23/02/2023 23/02/2023 Libro impreso